| 000 | 00430cam a22001097a 4500 | ||
|---|---|---|---|
| 008 | 180718b1966 xxu||||| |||| 00| 0 eng d | ||
| 082 | _aK85x42 Un3 | ||
| 245 |
_aPreservation of pension rights on change of employment _cby Ministry of Labour, National Joint Advisory Council |
||
| 260 |
_aLondon _bHer Majesty's Stationery Office _c1966 |
||
| 300 | _a67p. | ||
| 700 | _aUnited Kingdom. National Joint Advisory Council. Ministry of Labour | ||
| 999 |
_c500131 _d500131 |
||